[Event "Hamburg HSK Easter op"]
[Site "Hamburg"]
[Date "2025.04.18"]
[Round "1"]
[White "Koop, Michael1"]
[Black "Strate, Gerda"]
[Result "0-1"]
[WhiteElo "1569"]
[BlackElo "1848"]
[PlyCount "66"]
[EventDate "2025.04.18"]
[EventType "swiss"]
[EventRounds "7"]
[EventCountry "GER"]
[SourceTitle "CB20_2025"]
[SourceDate "2025.05.14"]
[SourceVersion "1"]
[SourceVersionDate "2025.05.14"]
[SourceQuality "1"]

1. f4 d5 2. c4 e6 3. cxd5 exd5 4. Nf3 Nf6 5. e3 Bd6 6. Nc3 c6 7. b3 Qe7 8. Be2 Bg4 9. 0-0 Nbd7 10. Bb2 0-0-0 11. Rc1 Kb8 12. h3 Bxf3 13. Rxf3 Rhg8 14. g4 g5 15. Qf1 Ne4 16. d3 Nd2 17. Qf2 Nxf3+ 18. Bxf3 gxf4 19. exf4 f5 20. Re1 Qf8 21. Ne2 Nc5 22. Rd1 Ne6 23. Kh1 Nxf4 24. Nxf4 Bxf4 25. Bd4 a6 26. Bxd5 Rxd5 27. Qxf4+ Ka8 28. gxf5 Qxf5 29. Qe3 Rf8 30. Re1 c5 31. Bg7 Qf3+ 32. Kg1 Qxe3+ 33. Rxe3 Rg8 0-1

[Event "Bad Zwesten op 16th"]
[Site "Bad Zwesten"]
[Date "2013.01.05"]
[Round "6"]
[White "Strate, Gerda"]
[Black "Beerdsen, Thomas"]
[Result "0-1"]
[WhiteElo "1911"]
[BlackElo "2076"]
[PlyCount "58"]
[EventDate "2013.01.02"]
[EventType "swiss"]
[EventRounds "7"]
[EventCountry "GER"]
[SourceTitle "EXT 2014"]
[Source "ChessBase"]
[SourceDate "2013.11.20"]
[SourceVersion "1"]
[SourceVersionDate "2013.11.20"]
[SourceQuality "1"]

1. e4 e5 2. Nf3 d6 3. d4 exd4 4. Nxd4 Nf6 5. Nc3 a6 6. Be2 g6 7. 0-0 Bg7 8. Bf3 0-0 9. Nd5 Nc6 10. c3 Nxd5 11. Nxc6 Nxc3 12. Ne7+ Qxe7 13. bxc3 Bxc3 14. Rb1 Be6 15. Qa4 b5 16. Qa3 b4 17. Qa4 Bc4 18. Rd1 Qe6 19. e5 d5 20. Bd2 Qxe5 21. Re1 Qf6 22. Red1 Rac8 23. Bxd5 Bxd5 24. Bxc3 bxc3 25. Rxd5 c2 26. Rc1 Qb2 27. Qf4 Rfd8 28. Rxd8+ Rxd8 29. Rf1 Rd1 0-1

[Event "Bad Zwesten op 16th"]
[Site "Bad Zwesten"]
[Date "2013.01.05"]
[Round "5"]
[White "Weber, Samuel"]
[Black "Strate, Gerda"]
[Result "0-1"]
[WhiteElo "1719"]
[BlackElo "1911"]
[PlyCount "166"]
[EventDate "2013.01.02"]
[EventType "swiss"]
[EventRounds "7"]
[EventCountry "GER"]
[SourceTitle "CBM 152 Extra"]
[Source "ChessBase"]
[SourceDate "2013.02.25"]
[SourceVersion "1"]
[SourceVersionDate "2013.02.25"]
[SourceQuality "1"]

1. d4 d5 2. Nf3 Nf6 3. Bf4 e6 4. e3 c5 5. c3 cxd4 6. exd4 Nc6 7. Bd3 Be7 8. Nbd2 0-0 9. Qc2 h6 10. 0-0-0 Bd6 11. Bg3 Ng4 12. Nf1 a6 13. h3 Bxg3 14. Nxg3 Nf6 15. Ne2 b5 16. g4 Bb7 17. Kb1 b4 18. Rhg1 bxc3 19. bxc3 Qb6+ 20. Ka1 Ne4 21. Bxe4 dxe4 22. Rb1 Qc7 23. Qxe4 Na5 24. Qd3 Bxf3 25. Qxf3 Rab8 26. h4 Nc4 27. Qd3 Na3 28. Rxb8 Rxb8 29. Qd1 Qb6 30. Qb3 Qd6 31. Qd1 Rb1+ 32. Qxb1 Nxb1 33. Rxb1 e5 34. Rc1 exd4 35. Nxd4 Qf4 36. Kb1 Qxg4 37. Nb3 Qxh4 38. c4 Qe4+ 39. Kb2 Qe2+ 40. Ka3 Kf8 41. c5 Qe7 42. Ka4 Ke8 43. Ka5 Qe2 44. a4 Qb2 45. Re1+ Kd7 46. Rd1+ Kc7 47. Rd3 Qxf2 48. Rc3 Qe1 49. Kb4 g5 50. Kc4 Qe4+ 51. Nd4 Qb1 52. Rb3 Qc1+ 53. Kd5 Qh1+ 54. Kc4 Qa1 55. Kd5 Qxa4 56. c6 Qa5+ 57. Kc4 Qa4+ 58. Kd5 Qa2 59. Kc5 Qxb3 60. Nxb3 g4 61. Kd4 Kxc6 62. Ke4 h5 63. Kf4 Kb5 64. Kg3 a5 65. Kh4 a4 66. Nd4+ Kc4 67. Ne2 a3 68. Kxh5 a2 69. Kxg4 a1Q 70. Nf4 Qe5 71. Kf3 f5 72. Ng2 Qe4+ 73. Kg3 Qg4+ 74. Kf2 Kd3 75. Ne1+ Kd2 76. Nf3+ Kd1 77. Nh2 Qh4+ 78. Kf1 Qg3 79. Nf3 Qxf3+ 80. Kg1 Qe2 81. Kh1 f4 82. Kg1 f3 83. Kh1 Qg2# 0-1

[Event "BL2 Ost 0809 (Women)"]
[Site "Germany"]
[Date "2009.03.08"]
[Round "7.6"]
[White "Frehde, Regina"]
[Black "Strate, Gerda"]
[Result "1/2-1/2"]
[WhiteElo "1715"]
[BlackElo "1724"]
[PlyCount "34"]
[EventDate "2008.11.08"]
[EventType "team-tourn"]
[EventRounds "7"]
[EventCountry "GER"]
[SourceTitle "EXT 2010"]
[Source "ChessBase"]
[SourceDate "2010.11.25"]
[SourceVersion "1"]
[SourceVersionDate "2010.11.25"]
[SourceQuality "1"]
[WhiteTeam "Potsdam (W)"]
[BlackTeam "Dresden Gruen Weiss (W)"]
[WhiteTeamCountry "GER"]
[BlackTeamCountry "GER"]

1. d4 d5 2. c4 dxc4 3. Nc3 e6 4. e3 c5 5. Bxc4 cxd4 6. Bb5+ Bd7 7. Qxd4 Nc6 8. Bxc6 Bxc6 9. Qxd8+ Rxd8 10. Nf3 Nf6 11. 0-0 Bxf3 12. gxf3 Bc5 13. e4 0-0 14. Be3 Bxe3 15. fxe3 Rd3 16. Rfe1 h6 17. Rad1 Rfd8 1/2-1/2

[Event "Ueckermuende op 6th"]
[Site "Ueckermuende"]
[Date "2007.09.01"]
[Round "2"]
[White "Strate, Gerda"]
[Black "Kunow, Frank"]
[Result "0-1"]
[WhiteElo "1708"]
[BlackElo "2055"]
[PlyCount "80"]
[EventDate "2007.08.31"]
[EventType "swiss"]
[EventRounds "5"]
[EventCountry "GER"]
[SourceTitle "CBM 120 Extra"]
[Source "ChessBase"]
[SourceDate "2007.11.01"]
[SourceVersion "1"]
[SourceVersionDate "2007.11.01"]
[SourceQuality "1"]

1. e4 d5 2. exd5 Nf6 3. d4 Nxd5 4. Nf3 g6 5. Bb5+ c6 6. Be2 Bg7 7. c4 Nb6 8. h3 Be6 9. Na3 0-0 10. Be3 c5 11. Rb1 Bf5 12. Nc2 Nc6 13. Nh4 Bxc2 14. Qxc2 cxd4 15. Rd1 e5 16. Nf3 Qe8 17. c5 Nd5 18. Qc4 dxe3 19. Rxd5 exf2+ 20. Kxf2 e4 21. Ng5 e3+ 22. Ke1 Qe7 23. b3 Qf6 24. Qc1 Qf2+ 25. Kd1 Qxg2 26. Bf3 e2+ 27. Kd2 e1Q+ 28. Kxe1 Qg3+ 29. Kf1 Bd4 30. Qe1 Qf4 31. Qe4 Qc1+ 32. Qe1 Qb2 33. Qe2 Qc3 34. Ne4 Qb4 35. Kg2 Rfe8 36. Qc2 Ne7 37. a3 Nxd5 38. Nf6+ Bxf6 39. Bxd5 Qd4 40. Rd1 Qb2 0-1

[Event "Blankenburg op-B 13th"]
[Site "Blankenburg"]
[Date "2005.09.30"]
[Round "1"]
[White "Strate, Gerda"]
[Black "Geissler, Joerg"]
[Result "0-1"]
[WhiteElo "1694"]
[BlackElo "1477"]
[PlyCount "72"]
[EventDate "2005.09.30"]
[EventType "swiss"]
[EventRounds "7"]
[EventCountry "GER"]
[SourceTitle "EXT 2007"]
[Source "ChessBase"]
[SourceDate "2006.11.23"]
[SourceVersion "1"]
[SourceVersionDate "2006.11.23"]
[SourceQuality "1"]

1. e4 c5 2. Nf3 Nc6 3. d4 cxd4 4. Nxd4 a6 5. Nc3 e6 6. Be2 Qc7 7. 0-0 Nf6 8. a3 Be7 9. Re1 0-0 10. Nxc6 dxc6 11. Qd3 b5 12. Na2 Bb7 13. c4 Rfd8 14. Qc2 c5 15. Bf3 bxc4 16. Qxc4 Rd4 17. Qc2 c4 18. Nc3 Rad8 19. Be3 Rd3 20. Be2 R3d7 21. Bf3 Rd3 22. Qc1 Bd6 23. h3 Be5 24. Na4 Bd4 25. Bg5 h6 26. Be2 Bxf2+ 27. Kf1 Bxe1 28. Bxd3 hxg5 29. Bc2 Bd2 30. Qb1 Qf4+ 31. Kg1 g4 32. Nc5 Be3+ 33. Kh1 Bxc5 34. Qe1 gxh3 35. Qa5 hxg2+ 36. Kxg2 Rd2+ 0-1

[Event "Berlin op 7th"]
[Site "Berlin"]
[Date "2002.06.22"]
[Round "2"]
[White "Just, Detlef"]
[Black "Strate, Gerda"]
[Result "1-0"]
[WhiteElo "1878"]
[BlackElo "1630"]
[PlyCount "109"]
[EventDate "2002.06.21"]
[EventType "swiss"]
[EventRounds "5"]
[EventCountry "GER"]
[SourceTitle "EXT 2006"]
[Source "ChessBase"]
[SourceDate "2005.11.24"]
[SourceVersion "1"]
[SourceVersionDate "2005.11.24"]
[SourceQuality "1"]

1. e4 c5 2. Nf3 d6 3. d4 cxd4 4. Nxd4 Nc6 5. Be3 Nf6 6. f3 g6 7. Nc3 Bg7 8. Qd2 0-0 9. Be2 Bd7 10. g4 Ne8 11. h4 Nxd4 12. Bxd4 Bxd4 13. Qxd4 Qa5 14. f4 Qc5 15. Qxc5 dxc5 16. Rd1 Bc6 17. Nd5 Bxd5 18. Rxd5 b6 19. Rd7 e6 20. e5 Ng7 21. Kf2 Rfd8 22. Rhd1 Rxd7 23. Rxd7 h5 24. Bf3 Rb8 25. Rxa7 hxg4 26. Bxg4 Nf5 27. Bxf5 gxf5 28. Ke3 Kg7 29. Kf3 b5 30. c3 c4 31. Rd7 b4 32. Rd4 Ra8 33. Rxc4 bxc3 34. Rxc3 Rxa2 35. Rb3 Ra1 36. Kg2 Ra2 37. Rb8 Ra4 38. b4 f6 39. Rb7+ Kg6 40. exf6 Kxf6 41. h5 Ra2+ 42. Kg3 Ra3+ 43. Kh4 Ra1 44. b5 Rh1+ 45. Kg3 Rxh5 46. b6 Rh1 47. Rc7 Rb1 48. b7 Kg6 49. Kf3 Rb3+ 50. Ke2 Rb6 51. Kd3 Kf6 52. Kd4 Rb1 53. Kc5 e5 54. Rc6+ Ke7 55. Rb6 1-0

[Event "Bad Harzburg op 1st"]
[Site "Bad Harzburg"]
[Date "1999.11.27"]
[Round "6.18"]
[White "Thielemann, Joachim"]
[Black "Strate, Gerda"]
[Result "1-0"]
[WhiteElo "1905"]
[BlackElo "1550"]
[PlyCount "79"]
[EventDate "1999.11.24"]
[EventType "swiss"]
[EventRounds "7"]
[EventCountry "GER"]
[SourceTitle "EXT 2023"]
[Source "ChessBase"]
[SourceDate "2022.10.05"]
[SourceVersion "1"]
[SourceVersionDate "2022.10.05"]
[SourceQuality "1"]

1. b4 e5 2. Bb2 e4 3. e3 Nf6 4. b5 d5 5. c4 c6 6. Qc2 Be6 7. a4 Nbd7 8. d4 Bb4+ 9. Bc3 Qa5 10. c5 0-0 11. Bxb4 Qxb4+ 12. Qc3 a5 13. b6 Ng4 14. h3 Nh6 15. Ne2 f5 16. Nf4 Bf7 17. h4 Ng4 18. Be2 Ndf6 19. Qxb4 axb4 20. Nd2 Nh5 21. Nxh5 Bxh5 22. g3 Nf6 23. Bxh5 Nxh5 24. a5 Nf6 25. Ke2 h6 26. Nb3 g5 27. hxg5 hxg5 28. Rh6 Kg7 29. Rah1 Rh8 30. Rxh8 Rxh8 31. Rxh8 Kxh8 32. Kd2 Kg7 33. a6 bxa6 34. Na5 b3 35. Nxc6 Nd7 36. b7 Kf7 37. b8Q Nxb8 38. Nxb8 Ke7 39. Nxa6 Kd7 40. Nb4 1-0